| 000 | 00661nam a2200241Ia 4500 | ||
|---|---|---|---|
| 005 | 20250425162222.0 | ||
| 008 | 250425s9999 xx 000 0 und d | ||
| 041 | _aspa | ||
| 082 | _a986.86632 | ||
| 100 | _aSTOTHERT, KAREN | ||
| 245 | 0 | _aGUAYAQUIL AL VAIVEN DE LA RIA | |
| 250 | _a1A ED. | ||
| 260 |
_aEcuador _bLIBRI MUNDI _c2003 |
||
| 260 | _aGUAYAQUIL | ||
| 300 | _a295 | ||
| 500 |
_aEN CIBGZ-FIMCP D-65121 _50.00 JUL.19.06 PARA ING. MECANICA.- MHP. |
||
| 650 | _aDESARROLLO ECONOMICO Y SOCIAL | ||
| 650 | _aGUAYAQUIL-HISTORIA | ||
| 700 | _aCOMPTE GUERRERO, FLORENCIO | ||
| 700 | _aHIDALGO, ANGEL EMILIO | ||
| 942 | _c01 | ||
| 010 | _a57661 | ||
| 999 |
_c224741 _d224741 |
||